| 000 | 01376cam a2200349 i 4500 | ||
|---|---|---|---|
| 001 | 9287 | ||
| 003 | Mx-PuUPA | ||
| 005 | 20251010155257.0 | ||
| 008 | 140415s2023 mx gr 001 0 spa d | ||
| 020 | _a9786076057636 | ||
| 040 |
_cMx-PuUPA _aMx-PuUPA _bspa _dMx-PuUPA _erda |
||
| 041 | 1 |
_aspa _aeng |
|
| 100 | 1 |
_aTerrazas, Eduardo, _d1936- _eautor _917426 |
|
| 245 | 1 | 0 |
_aEquilibrio múltiple : _bObras/Proyectos 1968-2023 / _cEduardo Terrazas ; Daniel Garza Usabiaga, María Minerva, autores |
| 250 | _aPrimera edición | ||
| 264 | 1 |
_aCiudad de México : _bInstituto Nacional de Bellas Artes y Literatura, _c©2023 |
|
| 300 |
_a219 páginas : _bilustraciones ; _c31 cm |
||
| 336 |
_2rdacontent _atexto _btxt |
||
| 337 |
_2rdamedia _asin medio _bn |
||
| 338 |
_2rdacarrier _avolumen _bnc |
||
| 546 | _aTexto en inglés y español. | ||
| 600 | 1 | 4 |
_aTerrazas, Eduardo, _d1936- _vCatálogo de exposiciones |
| 650 | 7 |
_2armarc _aArte mexicano _ySiglo XX _vExposiciones |
|
| 650 | 7 |
_2armarc _aArte mexicano _ySiglo XXI _vExposiciones |
|
| 650 | 7 |
_2armarc _aGeometría en el arte _vExposiciones |
|
| 700 | 1 |
_aGarza Usabiaga, Daniel, _dautor |
|
| 700 | 1 |
_aMinera, María, _dautor |
|
| 942 |
_2ddc _cLI _h700.9720904 _iE64 |
||
| 999 |
_c9287 _d9287 |
||